[Event "TTO-ch (Women)"]
[Site "Port of Spain"]
[Date "2016.10.21"]
[Round "4"]
[White "Johnson, Gabriella"]
[Black "Phillips, Marliyah"]
[Result "1-0"]
[WhiteElo "1863"]
[BlackElo "1229"]
[PlyCount "57"]
[EventDate "2016.10.15"]
[EventType "tourn"]
[EventRounds "9"]
[EventCountry "TRI"]
[SourceTitle "CBM 175 Extra"]
[Source "ChessBase"]
[SourceDate "2016.12.12"]
[SourceVersion "1"]
[SourceVersionDate "2016.12.12"]
[SourceQuality "1"]

1. e4 e5 2. Nf3 Nc6 3. Bc4 Bc5 4. c3 Qe7 5. 0-0 Nf6 6. d4 exd4 7. cxd4 Bb6 8. e5 Ng4 9. h3 Nh6 10. d5 Na5 11. d6 cxd6 12. exd6 Qd8 13. Re1+ Kf8 14. Bxh6 Nxc4 15. Qd5 gxh6 16. Re7 Qe8 17. Rxe8+ Kxe8 18. Qxc4 Rg8 19. Qe4+ Kf8 20. Nc3 Bc5 21. Qe7+ Kg7 22. Ne5 Bd4 23. Ne4 Bxe5 24. Qxe5+ Kf8 25. Nf6 Kg7 26. Nxg8+ Kxg8 27. Re1 b6 28. Re3 Kf8 29. Qh8# 1-0

[Event "TTO-ch (Women)"]
[Site "Port of Spain"]
[Date "2016.10.15"]
[Round "1"]
[White "Johnson, Chaya"]
[Black "Phillips, Marliyah"]
[Result "1-0"]
[WhiteElo "1222"]
[BlackElo "1229"]
[PlyCount "39"]
[EventDate "2016.10.15"]
[EventType "tourn"]
[EventRounds "9"]
[EventCountry "TRI"]
[SourceTitle "CBM 175 Extra"]
[Source "ChessBase"]
[SourceDate "2016.12.12"]
[SourceVersion "1"]
[SourceVersionDate "2016.12.12"]
[SourceQuality "1"]

1. e4 e5 2. Nf3 Nc6 3. Nc3 Bc5 4. Bc4 Nf6 5. d3 d6 6. Ng5 0-0 7. Qf3 h6 8. h4 Bg4 9. Qg3 Nd4 10. Kf1 Bb4 11. Nd5 Be2+ 12. Kg1 Nxd5 13. Bxd5 Nxc2 14. Rb1 Qf6 15. d4 exd4 16. e5 dxe5 17. Ne4 Qg6 18. Qxg6 c6 19. Nf6+ Kh8 20. Qh7# 1-0